Obras completas
Saved in:
| Hovedforfatter: | |
|---|---|
| Format: | Bog |
| Sprog: | spansk |
| Udgivet: |
Barcelona
Books
1997
|
| Fag: | |
| Tags: |
Tilføj Tag
Ingen Tags, Vær først til at tagge denne postø!
|
MARC
| LEADER | 00000nam a2200000 a 4500 | ||
|---|---|---|---|
| 001 | UCM9080 | ||
| 003 | CL-VaPUC | ||
| 008 | 030411e19970000SP |||||||||||||||||spa|d | ||
| 082 | 0 | 4 | |a 892.7 |b GIB |2 21 |
| 100 | 0 | |a Gibran, Khalil |e author |9 330386 | |
| 245 | 1 | 0 | |a Obras completas |
| 246 | 1 | 0 | |a Espíritus rebeldes |
| 246 | 1 | 0 | |a Lágrimas y sonrisas |
| 246 | 1 | 3 | |a El loco |
| 246 | 1 | 3 | |a La procesión |
| 246 | 1 | 4 | |a Las tempestades |
| 246 | 1 | 3 | |a El precursor |
| 246 | 1 | 3 | |a El profeta |
| 246 | 1 | 0 | |a Lázaro y su amada |
| 246 | 1 | 0 | |a Jesús, el hijo del hombre |
| 246 | 1 | 0 | |a Arena y espuma |
| 246 | 1 | 4 | |a Los dioses de la tierra |
| 246 | 1 | 3 | |a El vagabundo |
| 246 | 1 | 3 | |a El jardín del profeta |
| 246 | 1 | 0 | |a Alas rotas |
| 246 | 1 | 4 | |a Las ninfas del valle |
| 246 | 1 | 3 | |a La voz del maestro |
| 246 | 1 | 0 | |a Tesoros |
| 300 | |a v | ||
| 942 | |c BK | ||
| 945 | |d 20030411 00:00:00 |a vberengu | ||
| 260 | |a Barcelona |b Books |c 1997 | ||
| 500 | |a El volumen 1 incluye: | ||
| 500 | |a Espíritus rebeldes | ||
| 500 | |a Lágrimas y sonrisas | ||
| 500 | |a El loco | ||
| 500 | |a La procesión | ||
| 500 | |a Las tempestades | ||
| 500 | |a El precursor | ||
| 500 | |a El volumen 2 incluye: | ||
| 500 | |a El profeta | ||
| 500 | |a Lázaro y su amada | ||
| 500 | |a Jesús, el hijo del hombre | ||
| 500 | |a Arena y espuma | ||
| 500 | |a Los dioses de la tierra | ||
| 500 | |a El vagabundo | ||
| 500 | |a El volumen 3 incluye: | ||
| 500 | |a El jardín del profeta | ||
| 500 | |a Alas rotas | ||
| 500 | |a Las ninfas del valle | ||
| 500 | |a La voz del maestro | ||
| 500 | |a Tesoros | ||
| 500 | |a Otros escritos | ||
| 600 | 0 | 7 | |a GIBRAN, KHALIL 1883-1931 |2 CL-VaPUC |9 475453 |
| 650 | 7 | |a FILOSOFIA ARABE |2 CL-VaPUC |9 307956 | |
| 650 | 7 | |a LITERATURA ARABE |2 CL-VaPUC |9 323185 | |
| 583 | |a last modification |c 20030411 00:00:00 |k Rodrigo Vera | ||
| 999 | |c 303458 |d 303456 | ||
| 952 | |0 0 |1 0 |4 0 |6 892_700000000000000_GIB_1997 |7 0 |8 A |9 364787 |a BIBING |b BIBING |d 2019-11-21 |h v.1 |i 3895637 |l 2 |o 892.7 GIB 1997 |p 3895637 |r 2025-01-20 |s 2022-12-09 |w 2019-11-21 |y BK |k ING | ||
| 952 | |0 0 |1 0 |4 0 |6 892_700000000000000_GIB_1997 |7 0 |8 A |9 364788 |a BIBING |b BIBING |d 2019-11-21 |h v.2 |i 3895645 |l 1 |o 892.7 GIB 1997 |p 3895645 |r 2025-01-20 |s 2022-12-09 |w 2019-11-21 |y BK |k ING | ||
| 952 | |0 0 |1 0 |4 0 |6 892_700000000000000_GIB_1997 |7 0 |8 A |9 364789 |a BIBING |b BIBING |d 2019-11-21 |h v.3 |i 3895653 |l 1 |o 892.7 GIB 1997 |p 3895653 |r 2025-01-20 |s 2022-08-23 |w 2019-11-21 |y BK |k ING | ||